| 000 | 01263nam a22003497a 4500 | ||
|---|---|---|---|
| 003 | OSt | ||
| 005 | 20230321115104.0 | ||
| 008 | 221006b |||||||| |||| 00| 0 eng d | ||
| 040 | _cBiblioteca Lado V | ||
| 082 |
_a700 _bC413a |
||
| 100 |
_9794 _aCerdas Diaz, Sayira _eDirectora Ejecutiva |
||
| 245 |
_aArmedia/ _bArte en Mesoamerica/ |
||
| 260 |
_bLa Exposicion Internacional de Arte Art Basel US _c2004 _aU.S.A. _aCosta Rica _aMexico _aBelice _aGuatemala _aHonduras _aEl Salvador _aNicaragua _aPanama _aColombia |
||
| 300 |
_c21x30cm _a74p. |
||
| 366 | _eeng | ||
| 490 |
_a02 _v2004 _x1659 1348 |
||
| 505 | _tEn Bastidor | The Canvas | ||
| 505 | _tEl Artista y su estudio | ||
| 505 | _tEn Portada | ||
| 505 | _tEn Boceto | ||
| 505 | _tMuseos y Exposiciones | ||
| 505 | _tVentana al Mundo | ||
| 505 | _tNuevas Tendencias | ||
| 505 | _tPersonajes | ||
| 650 |
_2Tesauro de Arte & Arquitectura _aARTE _9703 |
||
| 650 |
_2Tesauro de Arte & Arquitectura _aARTE EN CENTROAMERICA |
||
| 650 |
_2Tesauro de Arte & Arquitectura _aBIENAL |
||
| 650 |
_2Tesauro de Arte & Arquitectura _aAPRECIACION |
||
| 650 |
_2Tesauro de Arte & Arquitectura _aTEORIA |
||
| 650 |
_2Tesauro de Arte & Arquitectura _aCRITICA |
||
| 942 |
_2ddc _c1 _h700 _iC413a _n0 |
||
| 999 |
_c3243 _d3243 |
||